ODBORNO-TECHNICKÁ ZLOŽKA V SYSTÉME BRANNEJ VÝCHOVY NA GYMNÁZIÁCH

Bibliographic Details
Main Author: Švajda, Štefan, 1942- (Author)
Format: Article
Language:Slovak

MARC

LEADER 00000nab a2200000uu 4500
001 vtls010903458
003 SK-MaSNL
005 20260303222306.0
008 230222|1979 xo |||||||||||||||||slo|
015 |a SNBRB 
035 |a (urnnbn)urn:nbn:sk:snk:ar-a07rd9 
035 |a (uuid)3f9a4433-c1a8-4c9a-a79d-3852959a9fcf 
035 |a urn:nbn:sk:snk-ab8uhj 
040 |a SNKBUCL  |b slo  |c SNKBUCL  |e AACR2 
041 0 |a slo 
044 |a xo  |c SK 
100 1 |a Švajda, Štefan,  |d 1942-  |4 aut  |9 7028 
245 1 0 |a ODBORNO-TECHNICKÁ ZLOŽKA V SYSTÉME BRANNEJ VÝCHOVY NA GYMNÁZIÁCH  |c Štefan Švajda 
773 0 |t Acta Facultatis Educationis Physicae Universitatis Comenianae  |g Roč. 21, č. 21 (1979), s. [125]-132 
954 |a odborná, vedecká literatúra pôvodná (slovenská)  |2 lita 
958 |a OND 
958 |a EUIPO 
958 |a article10 
999 |c 2239343  |d 2241273